logo

Bir Sreshtho Munshi Abdur Rouf Library
Jhenaidah Cadet College

Acoustics for architects / (Record no. 5717)

MARC details
000 -LEADER
fixed length control field 00823cam a22002771 4500
001 - CONTROL NUMBER
JCCL Control Number 5717
003 - CONTROL NUMBER IDENTIFIER
JCCL marc code BD-JhCC
005 - DATE AND TIME OF LATEST TRANSACTION
control field 20200330134008.0
008 - FIXED-LENGTH DATA ELEMENTS--GENERAL INFORMATION
fixed length control field 730829s1945 xx 000 0 eng
020 ## - INTERNATIONAL STANDARD BOOK NUMBER
International Standard Book Number 9789848725047
035 ## - SYSTEM CONTROL NUMBER
system control number (BD-JhCC)5717
035 ## - SYSTEM CONTROL NUMBER
system control number (OCoLC)683371
040 ## - CATALOGING SOURCE
Original cataloging agency DLC
Transcribing agency OKentU
Modifying agency DLC
-- BD-JhCC
041 ## - LANGUAGE CODE
Language code of Book eng
050 00 - LIBRARY OF CONGRESS CALL NUMBER
Classification number NA2800
Item number .R5 1945
082 ## - DEWEY DECIMAL CLASSIFICATION NUMBER
Classification number 729.29
Author mark and Year AHM 2010
100 1# - MAIN ENTRY--PERSONAL NAME
Personal name Ahmed, Nizimuddin
Dates associated with a name 2010
245 10 - TITLE STATEMENT
Title Acoustics for architects /
Statement of responsibility, etc Ahmed Nizimuddin
260 ## - PUBLICATION, DISTRIBUTION, ETC. (IMPRINT)
Place of publication, distribution, etc Dhaka :
Name of publisher, distributor, etc Pustok Prokashona Board,
Date of publication, distribution, etc 2010.
300 ## - PHYSICAL DESCRIPTION
Pagination 279 p.
Other physical details illus.
Dimensions 25cm.
500 ## - GENERAL NOTE
General note "Published as Introduction to acoustics of buildings 1933. Republished as Acoustics for architects 1945."
650 #0 - SUBJECT ADDED ENTRY--TOPICAL TERM
Topical term or geographic name as entry element Architectural acoustics.
650 #0 - SUBJECT ADDED ENTRY--TOPICAL TERM
Topical term or geographic name as entry element Sound.
942 ## - ADDED ENTRY ELEMENTS (KOHA)
Source of classification or shelving scheme Dewey Decimal Classification
Koha item type Books
Koha issues (borrowed), all copies 2
Holdings
Source of classification or shelving scheme Damaged status Not for loan Home library Current library Shelving location Date of accession Total Checkouts Full call number Barcode Date last seen Date checked out Copy number Koha item type
Dewey Decimal Classification     JCC Rouf Library JCC Rouf Library General Stacks 12/20/2017 1 729.29 AHM 2010 7976 04/19/2020 03/29/2020 C - 1 Books

JCC Library | Contacts | JCC Home

Last Update on 23 September 2017
Copyright @ 2017-2020 JCC Rouf Library
Rouf Library, Jhenidah Cadet College (JCC), Bangladesh